¿Qué situación e influencia tuvo la mujer en las pasadas sociedades y cuáles tendrá en las próximas? : (Record no. 92366)

MARC details
000 -LEADER
campo de control de longitud fija 00997nam a2200241 i 4500
001 - NÚMERO DE CONTROL
campo de control 92366
003 - IDENTIFICADOR DE NÚMERO DE CONTROL
campo de control ES-MaACL
005 - FECHA Y HORA DE LA ÚLTIMA TRANSACCIÓN
campo de control 20240426063025.0
007 - CAMPO FIJO DE DESCRIPCIÓN FÍSICA--INFORMACIÓN GENERAL
campo de control de longitud fija t|
008 - DATOS DE LONGITUD FIJA--INFORMACIÓN GENERAL
campo de control de longitud fija 050307s1921 sp |||| | spa d
040 ## - FUENTE DE CATALOGACIÓN
Centro/agencia transcriptor ES-MaACL
080 ## - NÚMERO DE LA CLASIFICACIÓN DECIMAL UNIVERSAL
Número de la Clasificación Decimal Universal 308-055.2(091)
100 1# - ENTRADA PRINCIPAL--NOMBRE DE PERSONA
Nombre de persona Lillo, Victoriano,
9 (RLIN) 157149
Fechas asociadas al nombre 1889-1959
Término indicativo de función/relación Autor
245 11 - MENCIÓN DEL TÍTULO
Título ¿Qué situación e influencia tuvo la mujer en las pasadas sociedades y cuáles tendrá en las próximas? :
Resto del título memoria presentada a la Sección de Ciencias Morales y Políticas : leída en el Ateneo de Madrid el 9 de diciembre de 1921 /
Mención de responsabilidad, etc. por V. Lillo.
260 ## - PUBLICACIÓN, DISTRIBUCIÓN, ETC.
Lugar de publicación, distribución, etc. Madrid :
Nombre del editor, distribuidor, etc. [s.n.],
Fecha de publicación, distribución, etc. [1921?]
Fabricante (Gráf. "Ambos Mundos")
300 ## - DESCRIPCIÓN FÍSICA
Extensión 29 páginas ;
Dimensiones 21 cm.
610 24 - PUNTO DE ACCESO ADICIONAL DE MATERIA--NOMBRE DE ENTIDAD CORPORATIVA
Nombre de entidad corporativa o nombre de jurisdicción como elemento de entrada Ateneo de Madrid.
Unidad subordinada Sección de Ciencias Morales y Políticas-
Subdivisión de forma Memorias.
9 (RLIN) 1986
650 04 - PUNTO DE ACCESO ADICIONAL DE MATERIA--TÉRMINO DE MATERIA
Término de materia o nombre geográfico como elemento de entrada Mujeres-
Subdivisión general Situación social-
Subdivisión de forma Historia.
9 (RLIN) 167789
852 ## - LOCALIZACIÓN
Ubicación ES-MaACL
Ubicación en estantería Depósito folletos
Número de control de estantería 1665-F-9
942 ## - ELEMENTOS DE ENTRADA SECUNDARIOS (KOHA)
Tipo de ítem Koha Folleto
Suprimir en OPAC No
Holdings
Estatus retirado Estado de pérdida Fuente del sistema de clasificación o colocación Estado de daño No para préstamo Colección Biblioteca de origen Biblioteca actual Ubicación en estantería Fecha de adquisición Total de préstamos Signatura topográfica completa Código de barras Visto por última vez Tipo de ítem Koha
    Clasificación decimal universal     Colección de folletos Biblioteca del Ateneo de Madrid Biblioteca del Ateneo de Madrid Depósito folletos 17/01/2008   1665-F-9 1096432 23/02/2023 Folleto